000 00259nam a2200109Ia 4500
008 190216s9999||||xx |||||||||||||| ||und||
100 _aVital U A
245 0 _aNasarinde Athmakatha
260 _bBhasha Institute
650 _aMalayalam Biography
942 _cBK
999 _c25072
_d25072